México viejo : época colonial / Luis González Obregón

Guardado en:
Bibliografiske detaljer
Hovedforfatter: González Obregón, Luis (autor)
Format: Bog
Udgivelse:2a ed.
Serier:Clásicos mexicanos
Fag:
Tags: Tilføj Tag
Ingen Tags, Vær først til at tagge denne postø!

MARC

LEADER 00000nam^a2200000^u^4500
001 000540687
005 20250521000000.0
008 060220s1000^^^^^^^^^^^^r^^^^^000^0^spa^d
009 20260310131208.677
022 |a 9683903975 
035 |a FMI 000008773 
037 |a Acervo Xavier Clavigero 
096 |a 3.5/35/A 
100 |a González Obregón, Luis  |e (autor) 
245 1 0 |a México viejo : época colonial / Luis González Obregón 
250 |a 2a ed. 
264 |a México : Alianza Editorial 
300 |a xx, 734 p. 
336 |a texto  |b txt  |2 rdacontenido 
337 |a sin mediación  |b n  |2 rdamedio 
338 |a volumen  |b nc  |2 rdasoporte 
440 0 |a Clásicos mexicanos 
649 |a XX 
650 |a HISTORIA DE MEXICO 
910 |a Fondo Francisco Migoya Covarrubias S.J. 
920 |a Impresos - Libros 
930 |a Fondos Especiales 
905 |a 134 
901 |a SBC21014  |b IT2  |c ESP  |u 20250521 
902 |a https://opac.biblio.iteso.mx/vufind/Record/000540687